[Event "XXVII Belgrade Trophy"]
[Site "Obrenovac SRB"]
[Date "2013.11.28"]
[Round "5.21"]
[White "Vujacic,Bo"]
[Black "Zarkovic,M"]
[Result "1/2-1/2"]
[WhiteElo "2290"]
[BlackElo "2082"]

1.e4 c5 2.Nf3 e6 3.d4 cxd4 4.Nxd4 a6 5.Bd3 d6 6.O-O Nf6 7.Qe2 Be7 8.c4 O-O
9.Nc3 Qc7 10.Be3 Nbd7 11.Rac1 b6 12.Rfd1 Bb7 13.f3 Rac8 14.Qf2 Qb8 15.Bf1 Bd8
16.Nb3 Bc7 17.g3 Rfe8 18.Re1 Rcd8 19.Rcd1 h6 20.Bd4 Ne5 21.Nd2 Bc6 22.a4 d5
23.cxd5 exd5 24.Bxa6 dxe4 25.Ndxe4 Nxe4 26.fxe4 Re6 27.Be2 Rf6 28.Qe3 Re8
29.Rf1 Rxf1+ 30.Rxf1 f6 31.Bb5 Rd8 32.Bxc6 Nxc6 33.Nb5 Nxd4 34.Nxd4 b5 35.Qb3+ Kh8
36.Nxb5 Bb6+ 37.Kh1 Rd2 38.Qe6 Rxb2 39.Rc1 Qe5 40.Rc8+ Kh7 41.Qf5+ Qxf5 42.exf5 h5
43.Nd6 Ra2 44.Rc6 Bd4 45.Rc4 Be5 46.Nf7 Rf2 47.Rc8 Rxf5 48.a5 Rf2 49.Nxe5 fxe5
50.Re8 Re2 51.a6 Ra2 52.Re6 e4 53.Kg1 e3 54.Kf1 Kg8 55.h4 Kf7 56.Rb6 g6 57.Ke1 Kg7
58.Rc6 Kf7 59.Kf1 Kg7 60.Re6  1/2-1/2

[Event "XXVII Belgrade Trophy"]
[Site "Obrenovac SRB"]
[Date "2013.11.28"]
[Round "5.5"]
[White "Lukovic,V"]
[Black "Sredojevic,I"]
[Result "0-1"]
[WhiteElo "2400"]
[BlackElo "2402"]

1.e4 c5 2.Nf3 e6 3.d4 cxd4 4.Nxd4 a6 5.Bd3 Bc5 6.Nb3 Be7 7.c4 d6 8.Nc3 Nd7
9.O-O Ngf6 10.f4 Qc7 11.Kh1 b6 12.Qe2 Bb7 13.Bd2 O-O 14.Rae1 Rad8 15.Nd4 Rfe8
16.Nf3 g6 17.e5 Nh5 18.b3 Bf8 19.Be4 Nc5 20.Bxb7 Qxb7 21.b4 Nd7 22.Ne4 d5
23.cxd5 exd5 24.Nf2 Ng7 25.Nd4 Nf6 26.Nb3 Nf5 27.Qd3 Ne4 28.Nxe4 dxe4 29.Qxe4 Qxe4
30.Rxe4 Rd3 31.b5 axb5 32.g4 Nh4 33.Rd4 Rxd4 34.Nxd4 Rd8 35.Be1 Rxd4 36.Bxh4 Bc5
37.Kg2 Rd2+ 38.Kg3 Rxa2 39.Bf6 Ra3+ 40.Kg2 b4 41.Rd1 Ra8 42.Rd3 Kf8 43.f5 Ke8
44.Kf1 gxf5 45.gxf5 h5 46.h4 Ra1+ 47.Ke2 Ra2+ 48.Ke1 Be7 49.Bxe7 Kxe7 50.Rb3 Ra5
51.e6 Re5+ 52.Kd2 fxe6 53.Rxb4 Rxf5 54.Rxb6 Rf4 55.Ke3 Rxh4 56.Kf3 Ra4 57.Kg3 Kf6
58.Rb8 Rg4+ 59.Kf3 Rg6 60.Rf8+ Ke5 61.Rh8 Rg5 62.Rh7 Kd4 63.Rd7+ Rd5 64.Rh7 Rf5+
65.Ke2 e5 66.Ra7 e4 67.Ra8 Rb5 68.Rd8+ Ke5 69.Re8+ Kf4 70.Rf8+ Rf5 71.Rh8 Rg5
72.Rf8+ Kg3 73.Ke3 Rg4 74.Rf1 Kg2 75.Rf2+ Kg1 76.Rb2 h4 77.Rb1+ Kg2 78.Rb2+ Kg3
79.Rb1 h3 80.Rg1+ Kh4 81.Rh1 Rg2 82.Kxe4 Kg3 83.Ra1 h2 84.Ra3+ Kg4 85.Ra8 Rg1
86.Rg8+ Kh3 87.Rh8+ Kg2 88.Rg8+ Kf2  0-1

[Event "XXVII Belgrade Trophy"]
[Site "Obrenovac SRB"]
[Date "2013.11.29"]
[Round "6.14"]
[White "Stojanovic,Da"]
[Black "Veleski,R"]
[Result "1/2-1/2"]
[WhiteElo "2508"]
[BlackElo "2242"]

1.e4 c5 2.Nf3 e6 3.d4 cxd4 4.Nxd4 a6 5.Bd3 Qc7 6.O-O Nf6 7.Qe2 d6 8.c4 Nc6
9.Nxc6 bxc6 10.f4 Nd7 11.Nc3 Be7 12.Kh1 Bb7 13.Bd2 Nc5 14.Bc2 a5 15.e5 d5
16.f5 d4 17.Ne4 O-O-O 18.Qe1 Nxe4 19.Bxe4 Qxe5 20.Bxc6 Qxe1 21.Bxb7+ Kxb7
22.Raxe1 Bb4 23.Bxb4 axb4 24.fxe6 fxe6 25.Rf7+ Kc6 26.Rxe6+ Rd6 27.Ree7 Rc8
28.Ra7 Rf6 29.Kg1 Rxf7 30.Rxf7 d3 31.Rf5 Re8 32.Rd5 Re1+ 33.Kf2 Re2+ 34.Kf3 Rxb2
35.Ra5 d2 36.Ke2 d1=Q+ 37.Kxd1 Rxg2 38.h4 Rh2 39.h5 h6 40.Ke1 Rg2 41.Kf1 Rg4
42.Ra7 Kc5 43.Rc7+ Kb6 44.Re7 Kc5 45.Rc7+ Kb6 46.Re7  1/2-1/2

[Event "XXVII Belgrade Trophy"]
[Site "Obrenovac SRB"]
[Date "2013.11.29"]
[Round "6.1"]
[White "Stanojoski,Z"]
[Black "Tosic,M"]
[Result "0-1"]
[WhiteElo "2417"]
[BlackElo "2404"]

1.e4 c5 2.Nf3 e6 3.d4 cxd4 4.Nxd4 a6 5.Bd3 Nf6 6.O-O d6 7.Kh1 Be7 8.f4 Qc7
9.Nc3 Nbd7 10.Qe1 b5 11.a3 Nc5 12.b4 Nxd3 13.cxd3 O-O 14.Be3 Bd7 15.Rc1 Qb7
16.Nb3 Rac8 17.Bd4 Nh5 18.e5 Bc6 19.Qe2 g6 20.exd6 Bxd6 21.Be5 Qe7 22.Qe3 f6
23.Bxd6 Qxd6 24.Nc5 e5 25.fxe5 Qxe5 26.Qf2 Rfe8 27.d4 Qg5 28.Qa2+ Kh8 29.d5 Ba8
30.d6 Nf4 31.Rc2 Rcd8 32.Rcf2 Rxd6 33.N5e4 Rxe4 34.Qf7 Rd8  0-1

[Event "ch-IRI 2013"]
[Site "Tabriz IRI"]
[Date "2013.11.29"]
[Round "4.1"]
[White "Idani,P"]
[Black "Golizadeh,A"]
[Result "1-0"]
[WhiteElo "2483"]
[BlackElo "2500"]

1.e4 c5 2.Nf3 e6 3.d4 cxd4 4.Nxd4 a6 5.Bd3 Bc5 6.Nb3 Be7 7.Qg4 g6 8.Qe2 d6
9.a4 Nd7 10.O-O b6 11.Na3 Qc7 12.Nc4 Bb7 13.a5 b5 14.Nb6 Rd8 15.Nxd7 Rxd7
16.Be3 Nf6 17.Nd2 O-O 18.c4 b4 19.Bb6 Qb8 20.Ra4 Bc6 21.Rxb4 Rb7 22.c5 dxc5
23.Rb3 Qa8 24.Bxa6 Rbb8 25.Bd3 Ba4 26.Rc3 Nd7 27.Nc4 Bb5 28.Bc7 Bxc4 29.Bxc4 Rb7
30.Bg3 Qxa5 31.Ra3 Qb6 32.Rd1 Nf6 33.Be5 Ra7 34.Rf3 Nd7 35.Bc3 Qc7 36.Rh3 Bf6
37.Bb5 Rd8 38.Rhd3 Bd4 39.Bxd4 cxd4 40.Rxd4  1-0

[Event "ch-IRI 2013"]
[Site "Tabriz IRI"]
[Date "2013.11.29"]
[Round "4.14"]
[White "Galehdari,B"]
[Black "Naderi,A"]
[Result "1/2-1/2"]
[WhiteElo "2227"]
[BlackElo "2163"]

1.e4 c5 2.Nf3 e6 3.d4 cxd4 4.Nxd4 a6 5.Bd3 Qc7 6.O-O Nf6 7.c4 b6 8.Nc3 Bb7
9.Qe2 d6 10.Be3 Nbd7 11.Rac1 Be7 12.Bb1 O-O 13.f4 Rfe8 14.b4 Rac8 15.Bd3 Qb8
16.Bd2 Bf8 17.Nf3 g6 18.Qf2 Bg7 19.Qh4 b5 20.cxb5 axb5 21.Bxb5 Bxe4 22.a4 Bc6
23.Bxc6 Rxc6 24.Nb5 Rxc1 25.Rxc1 Nb6 26.a5 Nbd5 27.Nbd4 Ne4 28.Nc6 Qb7 29.Qe1 Nxd2
30.Qxd2 Rc8 31.Qc2 Nc3 32.b5 Bf6 33.Qd3 Nxb5 34.Ne7+ Bxe7 35.Rxc8+ Qxc8 36.Qxb5 d5
37.a6 Bc5+ 38.Kf1 Ba7 39.Ne5 Qc1+ 40.Ke2 Qxf4 41.Nc6 Qe3+ 42.Kd1 Qg1+ 43.Kc2 Be3
44.Qb8+ Kg7 45.Qe5+ Kh6 46.Kd3 Bc5 47.Qf4+ Kg7 48.Qe5+ f6 49.Qc7+  1/2-1/2

[Event "ch-IRI 2013"]
[Site "Tabriz IRI"]
[Date "2013.12.01"]
[Round "7.3"]
[White "Tabatabaei,M"]
[Black "Golizadeh,A"]
[Result "0-1"]
[WhiteElo "2200"]
[BlackElo "2500"]

1.e4 c5 2.Nf3 e6 3.d4 cxd4 4.Nxd4 a6 5.Bd3 Nf6 6.O-O Qc7 7.Nc3 d6 8.f4 Nbd7
9.Kh1 b5 10.a3 Bb7 11.f5 e5 12.Nde2 Be7 13.Bg5 Rc8 14.Bh4 Ng4 15.Qe1 g5 16.f6 Bxf6
17.Rxf6 Ndxf6 18.Bxg5 Qb6 19.Bh4 Qe3 20.Qg3 Qxg3 21.Nxg3 Nf2+ 22.Kg1 Nxd3
23.Bxf6 Nxb2 24.Bxh8 Rxc3 25.Rf1 Rxc2 26.Nh5 Nc4 27.Ng7+ Ke7 28.Nf5+ Kd7
29.Nh4 Bxe4  0-1

[Event "63rd ch-HUN 2013"]
[Site "Gyula HUN"]
[Date "2013.12.04"]
[Round "2.1"]
[White "Toth,E"]
[Black "Gonda,L"]
[Result "0-1"]
[WhiteElo "2477"]
[BlackElo "2552"]

1.e4 c5 2.Nf3 e6 3.d4 cxd4 4.Nxd4 a6 5.Bd3 Bc5 6.Nb3 Be7 7.O-O d6 8.c4 Nd7
9.Nc3 b6 10.Qe2 Bb7 11.f4 Ngf6 12.Bd2 O-O 13.Rae1 Re8 14.Kh1 Rc8 15.Bb1 g6
16.e5 Nh5 17.Be4 Qc7 18.Bxb7 Qxb7 19.exd6 Bxd6 20.Ne4 Be7 21.Bc3 Qc6 22.Nbd2 f5
23.Ng3 Nxg3+ 24.hxg3 Bf6 25.Be5 Nxe5 26.fxe5 Be7 27.Rc1 Red8 28.Nf3 Qe4 29.Qf2 Bc5
30.Qe1 Qg4 31.Nh2 Qd4 32.Qe2 Qd2 33.Rc2 Qxe2 34.Rxe2 Rd3 35.g4 fxg4 36.Nxg4 Rcd8
37.Nf6+ Kg7 38.Ne4 Rd1 39.Rxd1 Rxd1+ 40.Kh2 Be7 41.g4 h5 42.gxh5 gxh5 43.Rg2+ Kf7
44.Ng3 Rd4 45.b3 Rh4+ 46.Kg1 Bc5+ 47.Kf1 Rf4+ 48.Ke1 h4 49.Ne2 Rf5 50.Rh2 Kg6
51.Kd2 Be7 52.Kd3 Rxe5 53.Nf4+ Kf5 54.Rf2 Bc5 55.Rf1 Kg4 56.Ng6 Rf5 57.Re1 h3  0-1

[Event "IV JAHV McGregor 2013"]
[Site "Bogota COL"]
[Date "2013.12.06"]
[Round "4.31"]
[White "Hernandez,Go"]
[Black "Alarcon Casellas,Rol"]
[Result "0-1"]
[WhiteElo "2131"]
[BlackElo "2438"]

1.e4 c5 2.Nf3 e6 3.d4 cxd4 4.Nxd4 a6 5.Bd3 Bc5 6.Nb3 Be7 7.O-O d6 8.c4 Nd7
9.Qe2 b6 10.Nc3 Bb7 11.f4 Ngf6 12.a4 Rc8 13.Be3 O-O 14.a5 bxa5 15.Nxa5 Ba8
16.b4 d5 17.c5 d4 18.e5 dxe3 19.exf6 Bxf6 20.Ra3 Nxc5 21.bxc5 Bxc3 22.Rxc3 Qxa5
23.Qxe3 g6 24.Rfc1 Bc6 25.Be2 Rfd8 26.Bf1 Qa2 27.R1c2 Qa4 28.Rc4 Qb5 29.Rd4 Qb1
30.Rc1 Qb2 31.Rxd8+ Rxd8 32.Qc3 Qxc3 33.Rxc3 a5 34.Kf2 a4 35.Bd3 Ra8 36.Bc4 a3
37.Ba2 Kf8 38.g3 Ke7 39.Ke3 Bd5 40.Rc2 Kd7 41.Kd4 Ra4+ 42.Kc3 Kc6 43.Bxd5+ exd5
44.Ra2 Kxc5  0-1

[Event "TCh-AUT 1st Bundesliga 2013-14"]
[Site "Jenbach AUT"]
[Date "2013.12.06"]
[Round "1.5"]
[White "Tuncer,U"]
[Black "Bischoff,K"]
[Result "1/2-1/2"]
[WhiteElo "2329"]
[BlackElo "2512"]

1.e4 c5 2.Nf3 e6 3.d4 cxd4 4.Nxd4 a6 5.Bd3 g6 6.O-O Bg7 7.Nb3 Nc6 8.Qe2 d6
9.f4 Nf6 10.c4 O-O 11.Nc3 b6 12.Be3 Bb7 13.Rfd1 Qc7 14.Rac1 Nd7 15.Nd5 Qd8
16.Nc3 Qc7 17.Nd5 Qd8 18.Nc3  1/2-1/2

[Event "34th El Corte Ingles"]
[Site "Las Palmas ESP"]
[Date "2013.12.06"]
[Round "5.2"]
[White "Vega Gutierrez,S"]
[Black "Barlov,D"]
[Result "1/2-1/2"]
[WhiteElo "2382"]
[BlackElo "2436"]

1.e4 c5 2.Nf3 e6 3.d4 cxd4 4.Nxd4 a6 5.Bd3 Nf6 6.Qe2 d6 7.O-O Be7 8.c4 O-O
9.Nc3 Nc6 10.Nxc6 bxc6 11.f4 e5 12.f5 Bb7 13.Kh1 Re8 14.Bg5 h6 15.Bd2 d5
16.cxd5 cxd5 17.exd5 Bb4 18.Rad1 Bxc3 19.Bxc3 Qxd5 20.Bc4 Qc6 21.Ba5 e4 22.Rc1 Qd6
23.Rfd1 Qe7 24.Bb3 Rac8 25.Rxc8 Rxc8 26.Bc3 Rd8 27.Rxd8+ Qxd8 28.h3 Qe7 29.Qe3 Kh7
30.Bd4 Nd5 31.Bxd5 Bxd5 32.f6 gxf6 33.Qf4 Qe6 34.Bxf6 e3 35.Kh2 Qe4 36.Qxe4+ Bxe4
37.Kg3 Bd5 38.b3 Kg6 39.Bd4 e2 40.Bc3 f5 41.Bd2 f4+ 42.Kxf4 Bxg2 43.h4 h5
44.Ke5 Kf7 45.b4 Ke7 46.a4 Bc6 47.b5 axb5 48.axb5 Bxb5 49.Bb4+  1/2-1/2

[Event "5th Penang Open 2013"]
[Site "George Town MAS"]
[Date "2013.12.09"]
[Round "1.28"]
[White "Fong Yit San"]
[Black "Tan,Jia Yun"]
[Result "1-0"]
[WhiteElo "2134"]
[BlackElo "1647"]

1.e4 c5 2.Nf3 e6 3.d4 cxd4 4.Nxd4 a6 5.Bd3 Qc7 6.Nc3 Nf6 7.O-O Be7 8.Be3 O-O
9.f4 d6 10.g4 Nc6 11.g5 Ne8 12.Rf3 Nxd4 13.Bxd4 e5 14.Nd5 Qd8 15.Bb6 Qd7
16.Nxe7+ Qxe7 17.f5 Qxg5+ 18.Rg3 Qf6 19.Be2 h6 20.Bc4 Bd7 21.Qh5 Rc8 22.Bb3 Bc6
23.Rg6 Qd8 24.Rxh6 gxh6 25.Qg6+ Kh8 26.Qxh6+ Kg8 27.Kf2  1-0

[Event "5th Penang Open 2013"]
[Site "George Town MAS"]
[Date "2013.12.10"]
[Round "3.54"]
[White "Tan,Soon Wei Dawson"]
[Black "Doshi,Devansh Sanjay"]
[Result "1-0"]
[WhiteElo "1705"]
[BlackElo "1489"]

1.e4 c5 2.Nf3 e6 3.d4 cxd4 4.Nxd4 a6 5.Bd3 Qb6 6.Nb3 Qc7 7.Nc3 b5 8.Be3 Bb7
9.O-O Nf6 10.f3 Be7 11.Kh1 O-O 12.Qe1 d5 13.exd5 Nxd5 14.Nxd5 Bxd5 15.Rd1 Nc6
16.c3 Bd6 17.Qf2 Rab8 18.Nc5 Bxc5 19.Bxc5 Rfe8 20.b3 Ne5 21.Bb1 Rec8 22.Bd4 Nc6
23.Be3 Ne7 24.Bd2 f5 25.Rfe1 Qb7 26.Rc1 Ng6 27.Bd3 Nf8 28.Bf4 Ra8 29.Bd6 Qd7
30.Qg3 Rd8 31.Bc7 Rdc8 32.Be5 Ng6 33.Bd4 Re8 34.Bb1 Rac8 35.Re2 b4 36.Qe1 Nf4
37.Rd2 Qb7 38.Qe3 Ng6 39.c4 a5 40.Rcd1 Bc6 41.Bb2 Nh4 42.Qg5 Nxf3 43.gxf3 Bxf3+
44.Kg1 Bxd1 45.Rxd1 Qe7 46.Qg2 h6 47.Rd3 f4 48.Be5 Qg5 49.Qxg5 hxg5 50.Rd7 Rcd8
51.Rxg7+ Kf8 52.Bh7 Rd1+ 53.Kf2 Rd2+ 54.Kg1 Rxa2 55.Rd7 Rc8 56.Bd6+ Ke8 57.Ra7 Rc6
58.c5 Ra1+ 59.Kf2 Ra2+ 60.Kf3 g4+ 61.Kxg4 Rg2+ 62.Kxf4 Rg1 63.Be4 Rc8 64.Bb7 Rf1+
65.Ke3 Rf2 66.c6 Rxc6 67.Bxc6+ Kd8 68.Ra8+  1-0

[Event "6th Kolkata Open"]
[Site "Kolkata IND"]
[Date "2013.12.10"]
[Round "6.9"]
[White "Thipsay,P"]
[Black "Neverov,V"]
[Result "1/2-1/2"]
[WhiteElo "2419"]
[BlackElo "2514"]

1.e4 c5 2.Nf3 e6 3.d4 cxd4 4.Nxd4 a6 5.Bd3 Bc5 6.Nb3 Ba7 7.O-O Ne7 8.Qe2 e5
9.Be3 d6 10.a4 Be6 11.Bxa7 Rxa7 12.Bc4 O-O 13.Na3 Nbc6 14.Rad1 Nc8 15.Bxe6 fxe6
16.Nc4 b6 17.Rd2 Rd7 18.Rfd1 Qc7 19.c3 Rdd8 20.Nc1 h6 21.Ne3 Qb7 22.b4 Kh7
23.Nb3 N6e7 24.Qc4 b5 25.axb5 axb5 26.Qxe6 Qxe4 27.Nd5 Ng6 28.f3 Qh4 29.Na5 Nf4
30.Nxf4 Qxf4 31.Qd5 Qe3+ 32.Kh1 Qxc3 33.Qxb5 Rf4 34.Qd3+ Qxd3 35.Rxd3 Na7
36.Rxd6  1/2-1/2

[Event "Pavlodar Open 2013"]
[Site "Pavlodar KAZ"]
[Date "2013.12.10"]
[Round "1.5"]
[White "Tashimova,N"]
[Black "Jumabayev,R"]
[Result "0-1"]
[WhiteElo "2060"]
[BlackElo "2561"]

1.e4 c5 2.Nf3 e6 3.d4 cxd4 4.Nxd4 a6 5.Bd3 Bc5 6.Nb3 Be7 7.O-O d6 8.Qg4 g6
9.Nc3 Nc6 10.f4 Nf6 11.Qe2 O-O 12.Bd2 b5 13.a4 b4 14.Nd1 Bb7 15.Nf2 d5 16.e5 Ne4
17.Bxe4 dxe4 18.Be3 a5 19.Rfd1 Qc7 20.Nc5 Rad8 21.Ncxe4 Nb8 22.c4 bxc3 23.Nxc3 Na6
24.Ng4 Nb4 25.Nf6+ Kg7 26.Qf2 Qc6 27.Nce4 Qc2 28.Qxc2 Nxc2 29.Bb6 Nxa1 30.Bxd8 Rxd8
31.Rxa1 Rd4 32.Re1 Rxa4 33.Kf2 Rb4 34.Re2 h6 35.Ne8+ Kf8 36.N8d6 Bd5 37.g3 g5
38.fxg5 hxg5 39.Ke3 Bxe4 40.Nxe4 Rb5 41.Kd4 Rd5+ 42.Kc4 Rxe5 43.Nc3 Rc5+
44.Kb3 Kg7 45.Ka4 Kg6 46.Nb5 Bd8 47.b3 Rc1 48.Nd4 Bf6 49.Nc2 Bc3 50.Kb5 Rb1
51.Kc4 Bf6 52.Ne3 Be7 53.Ra2 Rc1+ 54.Kd3 Bb4 55.Nc2 g4 56.Ra4 Rd1+ 57.Kc4 Bd2
58.Kd3 Bg5+ 59.Kc4 Rd2  0-1

[Event "Lidums AUS YM 2013"]
[Site "Adelaide AUS"]
[Date "2013.12.11"]
[Round "8.3"]
[White "Muller,J"]
[Black "Ly,Mo"]
[Result "0-1"]
[WhiteElo "2050"]
[BlackElo "2433"]

1.e4 c5 2.Nf3 e6 3.d4 cxd4 4.Nxd4 a6 5.Bd3 Nf6 6.O-O d6 7.Nc3 Be7 8.Kh1 Nc6
9.Nb3 O-O 10.f4 b6 11.Qe2 Qc7 12.Be3 Bb7 13.Rae1 Nb4 14.Bg1 Rac8 15.Nd4 Nxd3
16.cxd3 b5 17.Rc1 Qb8 18.Qe3 Rfe8 19.Qh3 Bf8 20.Rce1 Rc5 21.Nf5 exf5 22.Bxc5 dxc5
23.Qxf5 b4 24.Nd1 Qd8 25.Qh3 g6 26.Nf2 Nh5 27.Ng4 c4 28.f5 Qxd3 29.Rf3 Rxe4
30.Rg1 Qd4 31.fxg6 hxg6  0-1

[Event "6th Kolkata Open"]
[Site "Kolkata IND"]
[Date "2013.12.11"]
[Round "7.1"]
[White "Ter Sahakyan,S"]
[Black "Pantsulaia,L"]
[Result "0-1"]
[WhiteElo "2562"]
[BlackElo "2605"]

1.e4 c5 2.Nf3 e6 3.d4 cxd4 4.Nxd4 a6 5.Bd3 Nf6 6.O-O e5 7.Bg5 h6 8.Bxf6 Qxf6
9.Nf5 g6 10.Ne3 Bc5 11.b4 Ba7 12.Qd2 d6 13.Na3 Qd8 14.Nac4 O-O 15.c3 Nc6
16.Bc2 b5 17.Nb2 Qg5 18.Kh1 Be6 19.Bb3 Rad8 20.Rad1 Ne7 21.Rfe1 Rd7 22.Qe2 Bxe3
23.Qxe3 Qxe3 24.Rxe3 Rc8 25.Red3 Rc6 26.f3 Nc8 27.R1d2 Rdc7 28.Nd1 Kf8 29.Kg1 Ke7
30.Kf2 Nb6 31.Ne3 Rc8 32.g4 h5 33.gxh5 gxh5 34.h4 Nd7 35.Rc2 Nb6 36.Rc1 Rg8
37.Rcd1 Rg6 38.Re1 Rf6 39.Rg1 Rg6 40.Bxe6 Kxe6 41.Rgd1 Na4 42.Nf5 Kd7 43.Rc1 Nb2
44.Rd2 Nc4 45.Rdd1 Rc8 46.Rg1 Nb2 47.Rc2 Nd3+ 48.Kf1 Rxg1+ 49.Kxg1 Ne1 50.Rc1 Nxf3+
51.Kf2 Nd2 52.Ng3 Rg8 53.Rd1 Nc4 54.Rh1 Rh8 55.Rg1 Rh6 56.Nf5 Rg6 57.Rg3 Nd2
58.Re3 Rg4 59.Ng3 Rxg3 60.Kxg3 Nf1+ 61.Kf2 Nxe3 62.Kxe3 Ke6  0-1

[Event "5th Penang Open 2013"]
[Site "George Town MAS"]
[Date "2013.12.12"]
[Round "6.33"]
[White "Lim,DeL"]
[Black "Lee,Jun Wei"]
[Result "1-0"]
[WhiteElo "1893"]
[BlackElo "1639"]

1.e4 c5 2.Nf3 e6 3.d4 cxd4 4.Nxd4 a6 5.Bd3 Bc5 6.Nb3 Ba7 7.O-O Nc6 8.Qe2 d6
9.Be3 b5 10.N1d2 Nf6 11.c4 b4 12.c5 a5 13.Bb5 Bb7 14.cxd6 Bxe3 15.Qxe3 O-O
16.Nc4 Na7 17.Ba4 Nxe4 18.Rad1 Nc8 19.d7 Ne7 20.Nc5 Nxc5 21.Qxc5 Ba6 22.Rfe1 Bxc4
23.Qxc4 Nd5 24.Rxd5 exd5 25.Qxd5 Qc7 26.Qxa8  1-0

[Event "5th Penang Open 2013"]
[Site "George Town MAS"]
[Date "2013.12.12"]
[Round "7.53"]
[White "Ng,Shi Yang"]
[Black "Lau,Xian Hui Rudolph"]
[Result "0-1"]
[WhiteElo "1612"]
[BlackElo "1688"]

1.e4 c5 2.Nf3 e6 3.d4 cxd4 4.Nxd4 a6 5.Bd3 Nf6 6.O-O d6 7.Qe2 Qc7 8.c4 Be7
9.b3 O-O 10.Bb2 b6 11.Nc3 Bb7 12.Rad1 Nbd7 13.Kh1 Rfe8 14.f4 Rad8 15.f5 e5
16.Nf3 Bf8 17.Nd2 Nc5 18.Bb1 Qe7 19.g4 h6 20.Rg1 Nh7 21.Nf3 Ng5 22.Nxg5 hxg5
23.h4 gxh4 24.g5 g6 25.f6 Qd7 26.Qh2 Ne6 27.Ne2 Nf4 28.Bc1 Nxe2 29.Qxe2 b5
30.Rg4 h3 31.Rd3 Bc8 32.Rh4 bxc4 33.bxc4 d5 34.exd5 Qa4 35.Rb3 Rxd5 36.Kh2 Rd4
37.Rxd4 exd4 38.Qd2 Bd6+ 39.Kh1 Qc6+  0-1

[Event "6th Kolkata Open"]
[Site "Kolkata IND"]
[Date "2013.12.12"]
[Round "8.3"]
[White "Ter Sahakyan,S"]
[Black "Karthikeyan,M2"]
[Result "1-0"]
[WhiteElo "2562"]
[BlackElo "2431"]

1.e4 c5 2.Nf3 e6 3.d4 cxd4 4.Nxd4 a6 5.Bd3 Bc5 6.Nb3 Be7 7.Qg4 Bf6 8.f4 d6
9.Nc3 Ne7 10.Bd2 Nbc6 11.Qf3 O-O 12.O-O-O a5 13.a4 Nb4 14.Kb1 Bd7 15.Bb5 e5
16.f5 Bxb5 17.Nxb5 d5 18.g4 dxe4 19.Qxe4 Qd5 20.Qe2 Qc6 21.c3 Nbd5 22.g5 Nxf5
23.gxf6 Qxf6 24.Rhf1 Qg6 25.Ka1 Rfe8 26.Qd3 Nde7 27.Qe4 Nd4 28.Qxg6 Nxb3+
29.Ka2 hxg6 30.Kxb3 Red8 31.Be3 Nf5 32.Bb6 Rxd1 33.Rxd1 Ra6 34.Bg1 Re6 35.Nc7 Re7
36.Rd8+ Kh7 37.Nd5 Re6 38.Kc2 g5 39.Rd7 Nd6 40.Kd3 f5 41.Ke2 f4 42.Nc7 Rf6
43.Re7 f3+ 44.Ke1 Nc4 45.b3 Nb2 46.Rd7 e4 47.Bd4 f2+ 48.Kf1 Rf3 49.Re7 Nd3
50.Rxe4 Nc1 51.Ne6 Kh6 52.Re3 Rf5 53.Nc5 Kh7 54.c4  1-0

[Event "ch-Arab Open 2013"]
[Site "Abu Dhabi UAE"]
[Date "2013.12.13"]
[Round "7.7"]
[White "Khouri,I"]
[Black "Ahmed,Abdu"]
[Result "1-0"]
[WhiteElo "2223"]
[BlackElo "2242"]

1.e4 c5 2.Nf3 e6 3.d4 cxd4 4.Nxd4 a6 5.Bd3 Nf6 6.Qe2 d6 7.O-O Be7 8.c4 b6
9.Nc3 Bb7 10.f4 Nbd7 11.b3 O-O 12.Bb2 Qc7 13.Kh1 Rfe8 14.Rae1 Rad8 15.Nf3 g6
16.f5 Bf8 17.fxe6 fxe6 18.Bb1 Bg7 19.Qf2 Ne5 20.Ng5 Bc6 21.Qh4 h6 22.Nf3 g5
23.Qf2 Rf8 24.Nxe5 dxe5 25.Qe2 Be8 26.Ba3 Bh5 27.Qe3 Rf7 28.Na4 Rd4 29.h3 Bg6
30.Bb2 Nh5 31.Rxf7 Bxf7 32.Rc1 Bf8 33.Qf3 Rd2 34.Bc3 Rd8 35.Rd1 Rxd1+ 36.Qxd1 b5
37.Nb2 Bg6 38.Kh2 Bc5 39.Qg4 Nf4 40.Nd3 Bh5 41.Bxe5 Qc6 42.Qg3 Ne2 43.Qe1 bxc4
44.bxc4 Qxe4 45.Qa5 Bf8 46.Qb6 Qxc4 47.Nf2 Qd5 48.Qc7 Bf7 49.Bh7+  1-0

[Event "SportAccord Rapid Women 2013"]
[Site "Beijing CHN"]
[Date "2013.12.13"]
[Round "5.2"]
[White "Lagno,Kateryna"]
[Black "Dzagnidze,N"]
[Result "1-0"]
[WhiteElo "2543"]
[BlackElo "2557"]

1.e4 c5 2.Nf3 e6 3.d4 cxd4 4.Nxd4 a6 5.Bd3 Nf6 6.O-O Qc7 7.Qe2 d6 8.c4 g6
9.Rd1 Bg7 10.Nf3 Nc6 11.h3 O-O 12.Bf4 Nh5 13.Be3 Ne5 14.Nc3 Bd7 15.Rac1 Rac8
16.Nxe5 dxe5 17.g3 Rfe8 18.b4 Bf8 19.c5 Ng7 20.Qd2 Rcd8 21.Bg5 Be7 22.Bxe7 Rxe7
23.Bf1 Ne8 24.a4 Rc8 25.b5 axb5 26.axb5 Nf6 27.Qe3 Kg7 28.c6 Be8 29.b6 Qxc6
30.Nb5 Rd7 31.Rxc6 Rxd1 32.Rxc8 Bxb5 33.Rc1  1-0

[Event "5th Penang Open 2013"]
[Site "George Town MAS"]
[Date "2013.12.13"]
[Round "9.54"]
[White "Ng,Shi Yang"]
[Black "Doshi,Devansh Sanjay"]
[Result "1/2-1/2"]
[WhiteElo "1612"]
[BlackElo "1489"]

1.e4 c5 2.Nf3 e6 3.d4 cxd4 4.Nxd4 a6 5.Bd3 b5 6.O-O Qb6 7.Nb3 Qc7 8.Qe2 Bb7
9.N1d2 Nf6 10.c4 bxc4 11.Nxc4 Be7 12.Bg5 O-O 13.Nca5 Nc6 14.Nxc6 Bxc6 15.Rfc1 Qb7
16.Na5 Qb6 17.Nxc6 dxc6 18.Be3 Qb7 19.Rc3 a5 20.Rac1 Rfc8 21.Qc2 h6 22.Rxc6 Rxc6
23.Qxc6 Qxc6 24.Rxc6 Rd8 25.Be2 Nxe4 26.f3 Nf6 27.Kf2 Kh8 28.Rb6 Ra8 29.Bc4 Rc8
30.Bb3 Ra8 31.Rc6 a4 32.Bc4 Rb8 33.b3 axb3 34.Bxb3 Nd5  1/2-1/2

[Event "Pavlodar Open 2013"]
[Site "Pavlodar KAZ"]
[Date "2013.12.13"]
[Round "5.36"]
[White "Kydyrgaliyev,Meiirman"]
[Black "Tashimova,N"]
[Result "0-1"]
[WhiteElo "1795"]
[BlackElo "2060"]

1.e4 c5 2.Nf3 e6 3.d4 cxd4 4.Nxd4 a6 5.Bd3 Nf6 6.Nc3 Qc7 7.O-O Nc6 8.Nb3 Be7
9.Bd2 b5 10.a3 O-O 11.f4 d6 12.Qf3 Bb7 13.Rae1 Nd7 14.Qh3 Nc5 15.Nxc5 dxc5
16.e5 g6 17.Qh6 Nd4 18.Re3 f5 19.exf6 Bxf6 20.g4 c4 21.Be4 Bg7 22.Qh4 Rad8
23.Rh3 Bf6 24.g5 Ne2+ 25.Nxe2 Bxe4 26.Bb4 Bxb2 27.Bxf8 Rxf8 28.Rb1 Bxa3 29.Rxa3 Qc5+
30.Nd4 Qxa3 31.Re1 Bf5 32.Nxf5 exf5 33.Qf2 Qd6 34.Qf3 Rd8 35.Qe2 Qd4+ 36.Kh1 Qe4+
37.Qxe4 fxe4 38.Rxe4 Rd1+ 39.Kg2  0-1

[Event "SportAccord Blitz Women 2013"]
[Site "Beijing CHN"]
[Date "2013.12.14"]
[Round "4.1"]
[White "Lagno,Kateryna"]
[Black "Koneru,H"]
[Result "1/2-1/2"]
[WhiteElo "2543"]
[BlackElo "2607"]

1.e4 c5 2.Nf3 e6 3.d4 cxd4 4.Nxd4 a6 5.Bd3 Bc5 6.Nb3 Be7 7.Qe2 d6 8.f4 Qc7
9.Be3 Nf6 10.N1d2 Nc6 11.O-O-O e5 12.f5 d5 13.exd5 Nb4 14.Kb1 Nbxd5 15.Ne4 Nxe3
16.Nxf6+ Bxf6 17.Qxe3 O-O 18.Be4 a5 19.Qc5 Qxc5 20.Nxc5 Ra7 21.Nd7 Re8 22.Nxf6+ gxf6
23.Rd6 Kg7 24.Rhd1 a4 25.R1d3 Ra6 26.Rxa6 bxa6 27.Rd6 Re7 28.c4 Rc7 29.b3 axb3
30.axb3 a5 31.Kb2 a4 32.Ka3 axb3 33.Kxb3 Bb7 34.Bxb7 Rxb7+ 35.Kc3 Rc7 36.g4 h5
37.gxh5 Kh6 38.Rxf6+ Kxh5 39.Kd3 Kg5 40.Rd6 Kxf5  1/2-1/2

[Event "TCh-BEL 2013-14"]
[Site "Belgium BEL"]
[Date "2013.12.15"]
[Round "6.6"]
[White "Sadikhov,U"]
[Black "Di Cosmo,J"]
[Result "1-0"]
[WhiteElo "2241"]
[BlackElo "2006"]

1.e4 c5 2.Nf3 e6 3.d4 cxd4 4.Nxd4 a6 5.Bd3 Bc5 6.Nb3 Be7 7.Qg4 g6 8.Qe2 d6
9.Na3 Nd7 10.O-O h5 11.Nc4 b5 12.Nca5 Ne5 13.f4 Nxd3 14.Qxd3 Qc7 15.Kh1 Nf6
16.Bd2 d5 17.exd5 Nxd5 18.Rac1 Bd7 19.c4 bxc4 20.Nxc4 Bb5 21.Nd4 Bxc4 22.Rxc4 Qb7
23.Nc6 Bf6 24.b3 O-O 25.Rfc1 Bg7 26.Qe4 Qd7 27.Ne5 Qe7 28.Be1 Qa7 29.Rc5 Qe7
30.Bf2 Qb7 31.Nc6 Rfe8 32.R5c4 Qd7 33.Ne5 Qe7 34.Bd4 Qh4 35.Rf1 Qe7 36.Qd3 Qb7
37.Qf3 Qe7 38.Rfc1 Qh4 39.Bb2 Qe7 40.h3 Qa7 41.Bd4 Qe7 42.Qe4 Kh7 43.Qf3 Kg8
44.Qe4 Kh7 45.b4 Kg8 46.a4 Qb7 47.Rc7 Qxc7 48.Rxc7 Nxc7 49.Qb7 Rec8 50.Nc6  1-0

[Event "SportAccord Basque Women 2013"]
[Site "Beijing CHN"]
[Date "2013.12.17"]
[Round "3.1"]
[White "Paehtz,E"]
[Black "Dzagnidze,N"]
[Result "0-1"]
[WhiteElo "2452"]
[BlackElo "2557"]

1.e4 c5 2.Nf3 e6 3.d4 cxd4 4.Nxd4 a6 5.Bd3 Nf6 6.Qe2 d6 7.c4 Nc6 8.Nxc6 bxc6
9.O-O Be7 10.Nc3 O-O 11.b3 e5 12.Ba3 Be6 13.Rad1 Qc7 14.Na4 c5 15.Bc1 Nd7
16.Nc3 Rae8 17.Qe3 Nb8 18.Nd5 Qb7 19.Qg3 Kh8 20.f4 f6 21.Be2 Nc6 22.Bh5 Rd8
23.f5 Bg8 24.Bg6 Rf7 25.Qh4 Bf8 26.Rd3 h6 27.Rh3 Nd4 28.Qh5 Rfd7 29.Be3 a5
30.g4 Bxd5 31.exd5 Ne2+ 32.Kh1 Nf4 33.Bxf4 exf4 34.g5 fxg5 35.Qxg5 Re7 36.f6 gxf6
37.Qxf6+ Kg8 38.Bf5 Bg7 39.Be6+ Kh7 40.Qf5+ Kh8 41.Qg6 Rde8 42.Rff3 a4 43.Rxh6+ Bxh6
44.Qxh6+ Rh7 45.Qxf4 axb3 46.axb3 Qg7 47.Rg3 Qa1+ 48.Rg1 Qc3 49.Qg4 Rh6 50.Qf4 Qf6
51.Qg3 Rf8 52.Qg2 Qf3 53.Qxf3 Rxf3 54.Rg8+ Kh7 55.Rd8 Rxb3 56.Rd7+ Kh8 57.Rxd6 Rb2
58.h3 Rf6 59.Rd8+ Kh7 60.Kg1 Rf3 61.Rg8 Re3 62.Rg2 Rxg2+ 63.Kxg2 Kg6 64.Kf2 Re4
65.Kf3 Rxc4 66.d6 Rd4 67.d7 Kf6 68.Bg4 Ke7 69.Ke3 Rd6 70.Bf5 Rd5 71.Bg4 Kd8
72.Ke4 Rd2 73.Ke3 Rd4 74.Bf5 Kc7 75.Bg4 Rd6 76.Bf5 Rd5 77.Ke4 Rd1 78.Bg4 Rd6
79.Ke3 c4 80.Bf5 c3 81.h4 Rd2 82.h5 Rh2 83.h6 c2 84.Bxc2 Rxc2 85.Kf4 Kxd7
86.Kg5 Ke7 87.Kg6 Kf8  0-1

[Event "51st ch-IND Premier 2013"]
[Site "Jalgaon IND"]
[Date "2013.12.17"]
[Round "1.1"]
[White "Stany,G"]
[Black "Debashis,D"]
[Result "1/2-1/2"]
[WhiteElo "2397"]
[BlackElo "2507"]

1.e4 c5 2.Nf3 e6 3.d4 cxd4 4.Nxd4 a6 5.Bd3 Bc5 6.Nb3 Be7 7.c4 d6 8.Nc3 Nf6
9.O-O O-O 10.f4 Qc7 11.Qf3 Nbd7 12.Be3 b6 13.Rac1 Bb7 14.Qh3 Rfe8 15.Nd2 Bf8
16.b4 g6 17.f5 Bg7 18.fxe6 fxe6 19.Nf3 Qd8 20.a3 Qe7 21.Bg5 Rf8 22.Rf2 Rae8
23.Rcf1 Rf7 24.Bh4 Rff8 25.Bg5 Rf7 26.Bh4 Rff8 27.Bg5  1/2-1/2